000 00648nam a22001577a 4500
999 _c13165
_d13165
008 190209b ||||| |||| 00| 0 eng d
082 _22018
_aUT 1210
_bP65
100 _aPingos, Crisostomo Jr. A.
_936834
245 _aPromotion mix strategies and sales performance of small and medium enterprises in Digos City /
_cCrisostomo A. Pingos JR., and Carmina G. Opiala
260 _aDigos City:
_bUMDC
_cNovember 2018.
300 _a58 pages;
_c30 cm.
650 _aBusiness Administration
_vMarketing Manegment
_xUndergraduate thesis.
_936835
700 _aPingos, Crisostomo Jr. A.
_936834
700 _aOpiala, Carmina G.
_936836
942 _2ddc
_cUT